Movies Quiz

Random Movies or Star Wars Quiz
Score 0/17 Timer 06:00
8 Plays Today
Description Planet % Correct
Arctic wastelandHoth
93.9%
Desert planet, home planet of Anakin SkywalkerTatooine
87.3%
Forested world of giant trees, home to the EwoksEndor
81.3%
Marsh-like planet, home planet of Padmé AmidalaNaboo
79.6%
Obliterated by the first Death Star, home of Princess LeiaAlderaan
76.4%
Swamp world, Yoda's adopted homeDagobah
74.9%
Desert planet, home of Rey and Unkar PluttJakku
66.5%
Wookiee Planet CKashyyyk
64.4%
City planet, capital of the Old RepublicCoruscant
60.1%
Description Planet % Correct
Home to the Rebel Alliance's main military baseYavin IV
59.8%
Cloud planet, home to Cloud City and Lando CalrissianBespin
57.7%
Volcanic backdrop for the epic duel between Kenobi & SkywalkerMustafar
51.3%
Ocean planet, Army of the Republic was generated hereKamino
50.7%
Small mineral planet with a layer of salt covering its red soilCrait
40.6%
Lush green planet home to Maz Kanata's castleTakodana
23.9%
Rocky, watery planet on which hermit Luke is hidingAhch-To
17.4%
New Republic's base of operations, destroyed by StarkillerHosnian Prime
16.7%
Come Together.
Have Fun.
All Virtual.
We all need to come together. Play Sporcle's virtual live trivia to have fun, connect with people, and get your trivia on. Join a live hosted trivia game for your favorite pub trivia experience done virtually. If a virtual private party is more your thing, go here for details.

You're not logged in!

Compare scores with friends on all Sporcle quizzes.
OR
Log In

Sporcle TV

Today on Sporcle TV


Watch our educational content, quiz creation guides, and fun videos on Sporcle TV.

Show Comments

Extras

Top Quizzes Today


Score Distribution

Paid Content

Your Account Isn't Verified!

In order to create a playlist on Sporcle, you need to verify the email address you used during registration. Go to your Sporcle Settings to finish the process.

Report this User

Report this user for behavior that violates our Community Guidelines.

Details: